| 000 | 00524nam a22001697a 4500 | ||
|---|---|---|---|
| 999 |
_c5375 _d5375 |
||
| 003 | GBCCL | ||
| 005 | 20241126110540.0 | ||
| 008 | 180315b ||||| |||| 00| 0 eng d | ||
| 040 | _cgbc | ||
| 082 |
_aVER 266.00922 _bCHI |
||
| 100 |
_aChinsuanthang, Hs. _97443 |
||
| 245 |
_aNorth East India General Mission: _bOld Churachand Mimasate / _cHs. Chinsuanthang |
||
| 260 |
_aBungmual: _bHs. Thawngthawn, _c2009 |
||
| 300 |
_a119 p.; _bill., _c21 cm. |
||
| 650 |
_aMissionaries _zNorth East _zIndia _zManipur _99672 |
||
| 942 |
_2ddc _cBK _03 |
||